Top 10 largest Asian Countries - Statistics

General Stats
  • This quiz has been taken 34 times
  • The average score is 9 of 10
Answer Stats
Hint Answer % Correct
#2 China
97%
#3 India
97%
#1 Russia
97%
#6 Iran
93%
#5 Saudi Arabia
93%
#8 Indonesia
90%
#4 Kazakhstan
90%
#7 Mongolia
87%
#9 Pakistan
83%
#10 Turkey
80%
No matching quizzes found
Score Distribution
Percent of People with Each Score
Percentile by Number Answered
Your Score History
You have not taken this quiz